[Event "Sarajevo Bosna op-B 44th"]
[Site "Sarajevo"]
[Date "2014.06.05"]
[Round "8"]
[White "Muratovic, Enver"]
[Black "Tucakovic, Mario"]
[Result "1/2-1/2"]
[WhiteElo "2281"]
[BlackElo "2069"]
[PlyCount "119"]
[EventDate "2014.05.30"]
[EventType "swiss"]
[EventRounds "9"]
[EventCountry "BIH"]
[SourceTitle "CBM 160 Extra"]
[Source "ChessBase"]
[SourceDate "2014.07.01"]
[SourceVersion "1"]
[SourceVersionDate "2014.07.01"]
[SourceQuality "1"]

1. e4 d5 2. exd5 Qxd5 3. Nc3 Qa5 4. d4 c6 5. Nf3 Nf6 6. Bc4 e6 7. 0-0 Be7 8. Bf4 0-0 9. a3 Nd5 10. Bd2 Qc7 11. Ne4 Nd7 12. Ba2 N7f6 13. Nxf6+ Bxf6 14. Bg5 Bxg5 15. Nxg5 Qf4 16. Nf3 b6 17. Re1 Bb7 18. Bxd5 cxd5 19. Qd2 Qxd2 20. Nxd2 Rac8 21. c3 Ba6 22. Re3 Rfe8 23. f4 Rc7 24. f5 Rce7 25. Rae1 Bc8 26. fxe6 Bxe6 27. c4 Rd7 28. c5 bxc5 29. dxc5 d4 30. Re5 d3 31. b4 Rc8 32. R1e4 g6 33. Kf2 Kg7 34. Ke3 Kf6 35. Kf2 a6 36. Re3 h5 37. R5e4 Rb8 38. Re5 Rb5 39. Re1 Bf5 40. Re8 a5 41. Ne4+ Bxe4 42. R8xe4 axb4 43. axb4 d2 44. Rd1 Rdb7 45. c6 Rc7 46. Rc4 Rb6 47. Rxd2 Rbxc6 48. Rcd4 Rb7 49. Ke3 Rc3+ 50. R2d3 Rc2 51. Rd2 Rc3+ 52. R2d3 Rc2 53. Rf4+ Ke5 54. Re4+ Kf5 55. Rf4+ Ke5 56. Re4+ Kf5 57. Rd5+ Kf6 58. Rd2 Rc3+ 59. Rd3 Rc2 60. Rd2 1/2-1/2

[Event "Sarajevo Bosna op-B 44th"]
[Site "Sarajevo"]
[Date "2014.06.04"]
[Round "7"]
[White "Tucakovic, Mario"]
[Black "Haskovic, Salih"]
[Result "1-0"]
[WhiteElo "2069"]
[BlackElo "1959"]
[PlyCount "133"]
[EventDate "2014.05.30"]
[EventType "swiss"]
[EventRounds "9"]
[EventCountry "BIH"]
[SourceTitle "CBM 160 Extra"]
[Source "ChessBase"]
[SourceDate "2014.07.01"]
[SourceVersion "1"]
[SourceVersionDate "2014.07.01"]
[SourceQuality "1"]

1. e4 g6 2. d4 d6 3. Nc3 Bg7 4. Be3 Nf6 5. Be2 a6 6. Qd2 h6 7. f4 d5 8. e5 Ng4 9. Bxg4 Bxg4 10. h3 Bc8 11. Nf3 Nc6 12. g4 e6 13. h4 h5 14. gxh5 Rxh5 15. Ne2 Ne7 16. Ng3 Rh8 17. Rg1 Bf8 18. h5 Bd7 19. 0-0-0 Bc6 20. Ng5 Qd7 21. Rh1 Bg7 22. hxg6 fxg6 23. Rxh8+ Bxh8 24. Qh2 0-0-0 25. Nf7 Qe8 26. Nxd8 Kxd8 27. Qh7 Qf8 28. Rh1 Bg7 29. Kb1 Be8 30. Rg1 Qf7 31. Nh5 Nf5 32. Nxg7 Qxg7 33. Qh3 Kd7 34. Rh1 Ke7 35. Bf2 Kf7 36. Bh4 Qh6 37. Bf6 Qxh3 38. Rxh3 Nxd4 39. Rh7+ Kf8 40. Rxc7 b5 41. Ra7 Ne2 42. Bg5 d4 43. Rxa6 Bd7 44. Ra8+ Kf7 45. Ra7 Ke8 46. b3 Nc3+ 47. Kc1 b4 48. Kd2 Nb5 49. Ra8+ Kf7 50. Kd3 Bc6 51. Rb8 Bg2 52. Rxb5 Bf1+ 53. Kxd4 Bxb5 54. Kc5 Be2 55. Kxb4 Ke8 56. Kc5 Kd7 57. c4 Kc7 58. b4 Bd3 59. a4 Kb7 60. a5 Ka6 61. Bd8 Be2 62. b5+ Kb7 63. a6+ Ka7 64. Kb4 Bd3 65. c5 Be2 66. Ka5 Bf3 67. c6 1-0

[Event "Sarajevo Bosna op-B 44th"]
[Site "Sarajevo"]
[Date "2014.06.01"]
[Round "4"]
[White "Janjic, Nikola"]
[Black "Tucakovic, Mario"]
[Result "1/2-1/2"]
[WhiteElo "1790"]
[BlackElo "2069"]
[PlyCount "122"]
[EventDate "2014.05.30"]
[EventType "swiss"]
[EventRounds "9"]
[EventCountry "BIH"]
[SourceTitle "CBM 160 Extra"]
[Source "ChessBase"]
[SourceDate "2014.07.01"]
[SourceVersion "1"]
[SourceVersionDate "2014.07.01"]
[SourceQuality "1"]

1. c4 Nf6 2. Nc3 g6 3. g3 Bg7 4. Bg2 0-0 5. e3 d6 6. Nge2 c6 7. 0-0 Nbd7 8. d4 Qc7 9. b3 Re8 10. Bb2 Nf8 11. Qc2 Bd7 12. Rfd1 Rad8 13. e4 e5 14. dxe5 dxe5 15. Rd3 Bg4 16. Rad1 Rxd3 17. Qxd3 Qc8 18. f3 Bh3 19. Qd6 Bxg2 20. Kxg2 Ne6 21. Qd2 h6 22. Na4 Ng5 23. Ng1 b6 24. Qd6 Ngh7 25. Qd2 Bf8 26. Nc3 Ng5 27. Nce2 Qc7 28. h4 Ne6 29. Nh3 Rd8 30. Qc1 Rxd1 31. Qxd1 Ne8 32. f4 f6 33. fxe5 fxe5 34. Nf2 Nf6 35. Qd3 Bc5 36. Qf3 Kg7 37. Ng4 Nxg4 38. Qxg4 Qd6 39. h5 Ng5 40. hxg6 Bd4 41. Bc1 Qxg6 42. Bxg5 hxg5 43. Nxd4 exd4 44. Qd7+ Kf8 45. Qxd4 g4 46. Qd8+ Kf7 47. Qd7+ Kf8 48. Qd4 Ke7 49. Qe5+ Kd7 50. Kf2 Qh6 51. Qf5+ Ke8 52. Qe5+ Kd7 53. Qf5+ Ke7 54. Ke2 Qh2+ 55. Qf2 Qh1 56. Ke3 Qc1+ 57. Qd2 Qf1 58. Qe2 Qc1+ 59. Kf2 Qa1 60. Ke3 Qc1+ 61. Kf2 Qa1 1/2-1/2

[Event "BIH-chT 12th"]
[Site "Sarajevo"]
[Date "2013.06.18"]
[Round "4.2"]
[White "Tucakovic, Mario"]
[Black "Stojanovic, Dalibor"]
[Result "0-1"]
[WhiteElo "2053"]
[BlackElo "2514"]
[PlyCount "94"]
[EventDate "2013.06.15"]
[EventType "team-tourn"]
[EventRounds "9"]
[EventCountry "BIH"]
[SourceTitle "CBM 155 Extra"]
[Source "ChessBase"]
[SourceDate "2013.08.26"]
[SourceVersion "1"]
[SourceVersionDate "2013.08.26"]
[SourceQuality "1"]
[WhiteTeam "Sarajevo Alpong"]
[BlackTeam "Sarajevo Bosna"]
[WhiteTeamCountry "BIH"]
[BlackTeamCountry "BIH"]

1. e4 c5 2. Nf3 Nc6 3. Nc3 e6 4. d4 cxd4 5. Nxd4 Qc7 6. Be2 a6 7. a3 b5 8. Nxc6 Qxc6 9. 0-0 Bb7 10. Bf3 Qc7 11. Re1 Bc5 12. Be3 Bd6 13. h3 Be5 14. Bd4 d6 15. Bxe5 dxe5 16. a4 b4 17. Na2 Rd8 18. Qe2 Rd4 19. Red1 Rc4 20. Qd2 Nf6 21. Nxb4 0-0 22. c3 a5 23. Nc2 Nxe4 24. Qd7 Qb6 25. Bxe4 Bxe4 26. Na3 Rc6 27. Nb5 Bd5 28. Rxd5 exd5 29. Qxd5 Rc5 30. Qb3 Rd8 31. Rd1 g6 32. Qc2 Rcd5 33. Rxd5 Rxd5 34. c4 Qc5 35. b3 Rd8 36. Nc3 Qd4 37. Nd5 Kg7 38. Qe2 h5 39. Qf3 Rd6 40. Qg3 Re6 41. Nc7 Re7 42. Nd5 Rb7 43. Kh2 h4 44. Qg5 e4 45. Ne3 Qf6 46. Qxa5 Rxb3 47. Kg1 Ra3 0-1

[Event "Sarajevo Bosna op-B 43rd"]
[Site "Sarajevo"]
[Date "2013.06.02"]
[Round "3"]
[White "Mrndjic, Muamer"]
[Black "Tucakovic, Mario"]
[Result "0-1"]
[WhiteElo "2279"]
[BlackElo "2053"]
[PlyCount "60"]
[EventDate "2013.06.01"]
[EventType "swiss"]
[EventRounds "9"]
[EventCountry "BIH"]
[SourceTitle "CBM 154 Extra"]
[Source "ChessBase"]
[SourceDate "2013.06.25"]
[SourceVersion "2"]
[SourceVersionDate "2013.06.25"]
[SourceQuality "1"]

1. d4 d5 2. Nf3 Nf6 3. c4 e6 4. e3 Be7 5. Bd3 0-0 6. 0-0 c5 7. Nc3 Nc6 8. a3 b6 9. h3 Bb7 10. b3 Rc8 11. Bb2 dxc4 12. bxc4 cxd4 13. exd4 Kh8 14. Ne2 Na5 15. Ne5 Nd7 16. Rc1 Nxe5 17. dxe5 Ba6 18. Nf4 Bxc4 19. Rxc4 Rxc4 20. g3 g6 21. Qe2 Qc7 22. Ng2 Rd8 23. Ne3 Rc5 24. a4 Nb3 25. Ng4 Rcd5 26. Bxg6 hxg6 27. Qe3 Nd4 28. Rc1 Qb7 29. Kh2 Bg5 30. f4 Nf3+ 0-1

[Event "Sarajevo Bosna op-B 42nd"]
[Site "Sarajevo"]
[Date "2012.05.08"]
[Round "6"]
[White "Tucakovic, Mario"]
[Black "Sadikovic, Samir"]
[Result "1/2-1/2"]
[WhiteElo "2031"]
[BlackElo "2101"]
[PlyCount "240"]
[EventDate "2012.05.05"]
[EventType "swiss"]
[EventRounds "9"]
[EventCountry "BIH"]
[SourceTitle "CBM 148 Extra"]
[Source "ChessBase"]
[SourceDate "2012.06.22"]
[SourceVersion "1"]
[SourceVersionDate "2012.06.22"]
[SourceQuality "1"]

1. e4 c5 2. Nf3 Qc7 3. Nc3 e6 4. d4 cxd4 5. Nxd4 a6 6. Be2 Bb4 7. 0-0 Nf6 8. Qd3 h5 9. f4 Bc5 10. Be3 b5 11. e5 Ng4 12. Bxg4 hxg4 13. Ne4 Be7 14. a4 b4 15. Nb3 Bb7 16. Nbc5 Bd5 17. c4 bxc3 18. bxc3 f5 19. exf6 gxf6 20. c4 Bc6 21. Nxf6+ Bxf6 22. Qg6+ Ke7 23. Nxe6 dxe6 24. Bc5+ Kd7 25. Qxf6 Re8 26. a5 Kc8 27. Qg6 Bd7 28. Bb6 Qc6 29. Rfd1 e5 30. Rd6 Qxc4 31. Rad1 Re7 32. fxe5 Kb7 33. Qg5 Qf7 34. Bd8 Re6 35. Qe3 Rxd6 36. Rxd6 Bb5 37. Qb6+ Kc8 38. Bf6 Nd7 39. Qd8+ Kb7 40. Qe7 Qxe7 41. Bxe7 Nxe5 42. Rb6+ Kc8 43. Re6 Nc6 44. Re4 Ra7 45. Bc5 Rf7 46. Bf2 Rg7 47. Bb6 Bd3 48. Re3 Bc4 49. Rg3 Rf7 50. h3 gxh3 51. Rxh3 Rg7 52. Kf2 Kd7 53. Rg3 Re7 54. Re3 Ne5 55. Ke1 Bd5 56. Bd4 Nc4 57. Rxe7+ Kxe7 58. Bb6 Bxg2 59. Kd1 Kd6 60. Kc2 Kc6 61. Kc3 Kb5 62. Bd8 Bd5 63. Bc7 Bg8 64. Bd8 Ne3 65. Kd3 Nd5 66. Kc2 Kb4 67. Kb2 Ne3 68. Bc7 Nc4+ 69. Kc2 Bh7+ 70. Kc1 Kc3 71. Bd8 Be4 72. Bf6+ Kb3 73. Bd8 Bc2 74. Bc7 Nb2 75. Bd8 Be4 76. Bc7 Nc4 77. Bd8 Kc3 78. Bf6+ Kb4 79. Bd8 Kb3 80. Bc7 Bd3 81. Bd8 Bc2 82. Bc7 Nb2 83. Bd8 Nd3+ 84. Kd2 Kb2 85. Bf6+ Kb1 86. Bd8 Ne5 87. Bc7 Nd3 88. Bd8 Kb2 89. Bf6+ Kb3 90. Bd8 Nb2 91. Kc1 Be4 92. Kd2 Kb4 93. Kc1 Nc4 94. Kd1 Kc3 95. Bf6+ Kb3 96. Bd8 Bf3+ 97. Ke1 Na3 98. Kd2 Nb1+ 99. Kc1 Nc3 100. Kd2 Be4 101. Bf6 Nd5 102. Bd8 Bc2 103. Kc1 Kc3 104. Bg5 Ba4 105. Bd8 Nb4 106. Bf6+ Kb3 107. Bd8 Na2+ 108. Kd2 Bb5 109. Be7 Nc3 110. Bd8 Ne4+ 111. Ke3 Nd6 112. Kd2 Bc6 113. Kc1 Be4 114. Kd2 Nb7 115. Bc7 Kc4 116. Kc1 Nc5 117. Bd8 Ne6 118. Bb6 Kc3 119. Kd1 Bc2+ 120. Ke2 Nf4+ 1/2-1/2

[Event "BIH-chT"]
[Site "Neum"]
[Date "2011.06.06"]
[Round "3.6"]
[White "Mahmutbegovic, Midhat"]
[Black "Tucakovic, Mario"]
[Result "1/2-1/2"]
[WhiteElo "2089"]
[BlackElo "2005"]
[PlyCount "22"]
[EventDate "2011.06.04"]
[EventType "team-tourn"]
[EventRounds "9"]
[EventCountry "BIH"]
[SourceTitle "CBM 142 Extra"]
[Source "ChessBase"]
[SourceDate "2011.06.27"]
[SourceVersion "1"]
[SourceVersionDate "2011.06.27"]
[SourceQuality "1"]
[WhiteTeam "Zivinice"]
[BlackTeam "Sarajevo Napredak"]
[WhiteTeamCountry "BIH"]
[BlackTeamCountry "BIH"]

1. e4 e5 2. Nf3 d6 3. Bc4 Be7 4. c3 Nf6 5. d3 0-0 6. 0-0 c6 7. Bb3 Qc7 8. Re1 Bg4 9. Nbd2 Nbd7 10. h3 Bxf3 11. Nxf3 d5 1/2-1/2

[Event "Sarajevo Bosna op 41st"]
[Site "Sarajevo"]
[Date "2011.05.09"]
[Round "6"]
[White "Tucakovic, Mario"]
[Black "Brkic, Mustafa"]
[Result "1-0"]
[WhiteElo "2005"]
[BlackElo "2143"]
[PlyCount "114"]
[EventDate "2011.05.03"]
[EventType "swiss"]
[EventRounds "9"]
[EventCountry "BIH"]
[SourceTitle "CBM 142 Extra"]
[Source "ChessBase"]
[SourceDate "2011.06.27"]
[SourceVersion "1"]
[SourceVersionDate "2011.06.27"]
[SourceQuality "1"]

1. e4 c5 2. Nf3 e6 3. d4 cxd4 4. Nxd4 Nf6 5. Nc3 Bb4 6. Bd3 Nc6 7. Nb3 d5 8. exd5 Nxd5 9. Bd2 Nxc3 10. bxc3 Be7 11. Qh5 g6 12. Qe2 0-0 13. h4 Bxh4 14. 0-0-0 a5 15. a4 e5 16. Bh6 Bg5+ 17. f4 Bxh6 18. Rxh6 Qf6 19. Rdh1 Qxf4+ 20. Kb2 Bg4 21. Qe1 Bh5 22. R1xh5 gxh5 23. Rxh5 f5 24. Qh1 Rf7 25. Rh4 Qg5 26. Bc4 Qg7 27. Nc5 Kh8 28. g4 f4 29. Ne6 Qg8 30. Rh5 Rc8 31. Ng5 Rcc7 32. Qd5 Rf8 33. Qe4 Qg7 34. Ne6 Qf7 35. Rf5 Qxf5 36. gxf5 Rcc8 37. Nxf8 Rxf8 38. Bd5 Re8 39. Bxc6 bxc6 40. Qxc6 Rf8 41. Qe6 f3 42. Qxe5+ Kg8 43. Qg3+ Kf7 44. Qxf3 Kf6 45. c4 Kg5 46. Qg3+ Kf6 47. Qd6+ Kg7 48. Qe5+ Kg8 49. c5 h5 50. Qe6+ Rf7 51. Qg6+ Kf8 52. Qxh5 Kg8 53. c6 Rg7 54. Qe8+ Kh7 55. f6 Rg2 56. f7 Rg3 57. Qg8+ Kh6 1-0

[Event "Sarajevo Bosna op 41st"]
[Site "Sarajevo"]
[Date "2011.05.08"]
[Round "5"]
[White "Sutkovic, Damir"]
[Black "Tucakovic, Mario"]
[Result "1-0"]
[WhiteElo "2320"]
[BlackElo "2005"]
[PlyCount "41"]
[EventDate "2011.05.03"]
[EventType "swiss"]
[EventRounds "9"]
[EventCountry "BIH"]
[SourceTitle "CBM 142 Extra"]
[Source "ChessBase"]
[SourceDate "2011.06.27"]
[SourceVersion "1"]
[SourceVersionDate "2011.06.27"]
[SourceQuality "1"]

1. d4 Nf6 2. Nf3 e6 3. c4 Bb4+ 4. Bd2 Bxd2+ 5. Nbxd2 d5 6. e3 0-0 7. Rc1 b6 8. cxd5 exd5 9. Qc2 c6 10. Ne5 Bb7 11. Bd3 Qd6 12. Ndf3 Rc8 13. Ng5 Qb4+ 14. Kd1 Rc7 15. Bxh7+ Kf8 16. Bg6 Ne4 17. Bxe4 dxe4 18. Qxe4 Qd6 19. Qf4 Na6 20. Ngxf7 Qf6 21. Nd6 1-0

[Event "Sarajevo Bosna op 41st"]
[Site "Sarajevo"]
[Date "2011.05.03"]
[Round "1"]
[White "Tucakovic, Mario"]
[Black "Can, Emre"]
[Result "0-1"]
[WhiteElo "2005"]
[BlackElo "2487"]
[PlyCount "50"]
[EventDate "2011.05.03"]
[EventType "swiss"]
[EventRounds "9"]
[EventCountry "BIH"]
[SourceTitle "CBM 142 Extra"]
[Source "ChessBase"]
[SourceDate "2011.06.27"]
[SourceVersion "1"]
[SourceVersionDate "2011.06.27"]
[SourceQuality "1"]

1. e4 c5 2. Nf3 d6 3. d4 cxd4 4. Nxd4 Nf6 5. Nc3 g6 6. Be2 Bg7 7. Be3 Nc6 8. Qd2 0-0 9. 0-0-0 Nxd4 10. Bxd4 Be6 11. g4 Nxg4 12. Bxg4 Bxg4 13. Bxg7 Kxg7 14. Rdf1 Qa5 15. f3 Bh3 16. Rfg1 Rfc8 17. Rg3 Be6 18. h4 Rc5 19. Kb1 Bxa2+ 20. Kc1 Be6 21. Qd4+ f6 22. Kd2 Rc4 23. Qd3 Qe5 24. Ne2 Qxb2 25. h5 Rac8 0-1

[Event "Wch U18"]
[Site "Kemer"]
[Date "2007.11.26"]
[Round "9"]
[White "Hesham, Abdelrahman"]
[Black "Tucakovic, Mario"]
[Result "0-1"]
[WhiteElo "1982"]
[BlackElo "1922"]
[PlyCount "80"]
[EventDate "2007.11.18"]
[EventType "swiss"]
[EventRounds "11"]
[EventCountry "TUR"]
[SourceTitle "CBM 121 Extra"]
[Source "ChessBase"]
[SourceDate "2008.01.10"]
[SourceVersion "1"]
[SourceVersionDate "2008.01.10"]
[SourceQuality "1"]

1. d4 Nf6 2. c4 g6 3. Nc3 Bg7 4. e4 d6 5. Nf3 0-0 6. Be2 e5 7. d5 Ne8 8. 0-0 f5 9. Ne1 f4 10. f3 h5 11. Nd3 Nd7 12. Bd2 g5 13. Be1 Ndf6 14. Bf2 Bd7 15. b4 Qc8 16. c5 g4 17. b5 gxf3 18. Bxf3 Bg4 19. h3 Bxf3 20. Qxf3 Nh7 21. Bh4 Nef6 22. c6 b6 23. Nb4 Qe8 24. Na6 Rc8 25. a4 Qg6 26. a5 Ne8 27. axb6 axb6 28. Nb4 Bf6 29. Bxf6 Nexf6 30. h4 Ng4 31. Nc2 Rf7 32. Ra2 Rg7 33. Rfa1 Qf6 34. Ra8 Rxa8 35. Rxa8+ Nf8 36. Qh3 f3 37. g3 f2+ 38. Kf1 Qf3 39. Ra3 Qd3+ 40. Ne2 Qd1+ 0-1

[Event "Wch U18"]
[Site "Kemer"]
[Date "2007.11.25"]
[Round "8"]
[White "Tucakovic, Mario"]
[Black "Polatel, Levent"]
[Result "0-1"]
[WhiteElo "1922"]
[BlackElo "2009"]
[PlyCount "85"]
[EventDate "2007.11.18"]
[EventType "swiss"]
[EventRounds "11"]
[EventCountry "TUR"]
[SourceTitle "CBM 121 Extra"]
[Source "ChessBase"]
[SourceDate "2008.01.10"]
[SourceVersion "1"]
[SourceVersionDate "2008.01.10"]
[SourceQuality "1"]

1. e4 g6 2. d4 Bg7 3. f4 d6 4. c3 Nf6 5. e5 Nd5 6. Nf3 0-0 7. Bc4 e6 8. 0-0 b6 9. g4 dxe5 10. Nxe5 Bb7 11. Nd2 Ne3 12. Qe2 Nxf1 13. Nxf1 Nd7 14. Ng3 c5 15. Be3 cxd4 16. cxd4 Bd5 17. b3 Nxe5 18. fxe5 Rc8 19. g5 Qe7 20. h4 Bxc4 21. bxc4 Qb4 22. Rc1 Rc6 23. Ne4 Rfc8 24. Nd6 Rxd6 25. exd6 Qxd6 26. Qf2 Qd7 27. c5 Bf8 28. Rf1 bxc5 29. dxc5 Rc7 30. Rc1 Rc6 31. Bd4 Bg7 32. Bxg7 Kxg7 33. Rc4 e5 34. Qf3 Qe6 35. Qc3 Qd5 36. a4 f5 37. gxf6+ Kxf6 38. Qc2 Kg7 39. a5 Qf3 40. Qc3 Qd1+ 41. Kg2 Qe2+ 42. Kg3 Rf6 43. h5 0-1

[Event "BIH CFFBH-chT1"]
[Site "Neum"]
[Date "2007.08.29"]
[Round "7"]
[White "Banovic, Vinko"]
[Black "Tucakovic, Mario"]
[Result "1/2-1/2"]
[WhiteElo "1899"]
[BlackElo "1920"]
[PlyCount "108"]
[EventDate "2007.08.25"]
[EventType "team-tourn"]
[EventRounds "9"]
[EventCountry "BIH"]
[SourceTitle "EXT 2023"]
[Source "ChessBase"]
[SourceDate "2022.10.05"]
[SourceVersion "1"]
[SourceVersionDate "2022.10.05"]
[SourceQuality "1"]

1. e4 e5 2. Nf3 d6 3. d4 exd4 4. Nxd4 Nf6 5. Nc3 Be7 6. Be2 0-0 7. 0-0 a6 8. Bf3 h6 9. Qe2 Re8 10. Be3 Bf8 11. g3 c5 12. Nb3 Nc6 13. Rad1 Qc7 14. Bg2 b5 15. f3 b4 16. Nd5 Nxd5 17. Rxd5 a5 18. Rfd1 a4 19. Nc1 Be6 20. R5d2 c4 21. Re1 c3 22. bxc3 bxc3 23. Rdd1 Reb8 24. f4 f6 25. a3 Rb2 26. Qd3 Ne7 27. Bd4 Rc8 28. Re3 Qc4 29. Qxc4 Rxc4 30. Rxc3 Rxc2 31. Rxc4 Bxc4 32. Bb6 Nc8 33. Ba5 d5 34. Bb4 Bxb4 35. axb4 d4 36. Bf1 Bxf1 37. Kxf1 Rxh2 38. Ne2 Rh1+ 39. Ng1 Rh2 40. Rxd4 Rc2 41. Rd3 Nb6 42. Ne2 Rb2 43. Kf2 Rxb4 44. Kf3 Nc4 45. Rd8+ Kh7 46. f5 Ne5+ 47. Ke3 g6 48. Ra8 gxf5 49. exf5 h5 50. Nf4 Rb3+ 51. Ke4 Rb4+ 52. Kd5 h4 53. Nh5 Rb5+ 54. Ke4 Rb4+ 1/2-1/2

[Event "BIH CFFBH-ch 1st"]
[Site "Travnik"]
[Date "2007.08.02"]
[Round "2"]
[White "Tucakovic, Mario"]
[Black "Obralic, Esad"]
[Result "1/2-1/2"]
[WhiteElo "1920"]
[BlackElo "2340"]
[PlyCount "55"]
[EventDate "2007.08.02"]
[EventType "swiss"]
[EventRounds "7"]
[EventCountry "BIH"]
[SourceTitle "EXT 2023"]
[Source "ChessBase"]
[SourceDate "2022.10.05"]
[SourceVersion "1"]
[SourceVersionDate "2022.10.05"]
[SourceQuality "1"]

1. Nf3 Nf6 2. g3 g6 3. Bg2 Bg7 4. 0-0 0-0 5. d4 d6 6. c4 Nc6 7. d5 Na5 8. Nbd2 c5 9. a3 b6 10. e4 e5 11. b4 Nb7 12. Ne1 Ne8 13. Bb2 f5 14. Nd3 Nf6 15. f4 Ng4 16. Qe2 exf4 17. Bxg7 Kxg7 18. Nxf4 Qf6 19. h3 Qd4+ 20. Kh1 Ne5 21. Rfc1 Qb2 22. Rcb1 Qc3 23. Kh2 fxe4 24. Rc1 Qb2 25. Bxe4 Bf5 26. Rcb1 Qc3 27. Re1 Qb2 28. Reb1 1/2-1/2